00418nam a2200145Ia 4500008004100000020001500041041001200056082001700068100006600085245003900151250001200190260002700202300001300229650003000242231217s9999 xx 000 0 und d a8178815664 aEnglish a658.1 SEE;3 aSeethapathi, K ed. Suryanarayana, A ed. Banerjee, Arundam ed. 0aFinancial strategy : policy issues a1st ed. c2005bIcfaiaHyderabad avii, 207 aFinancial,strategy,policy